000 00319nam a22001457a 4500
005 20170401155941.0
008 170401b xxu||||| |||| 00| 0 eng d
020 _a81-7956-047-03
041 _aeng
100 _aSINGH,R.P
_93796
245 _aMINING MACHINERY
300 _a341
650 _aMINING
_93797
942 _cBK
999 _c5400
_d5398